Catálogo

La construcción de la democracia en México : (Registro nro. 63305)

Detalles MARC
000 -LEADER
fixed length control field 01235cam a2200325 i 4500
001 - CONTROL NUMBER
control field 63305
003 - CONTROL NUMBER IDENTIFIER
control field Mx-PuUPA
005 - DATE AND TIME OF LATEST TRANSACTION
control field 20191008162829.0
008 - FIXED-LENGTH DATA ELEMENTS--GENERAL INFORMATION
fixed length control field 150805s1994 mx r 000 0 spa d
020 ## - INTERNATIONAL STANDARD BOOK NUMBER
International Standard Book Number 9682319323
040 ## - CATALOGING SOURCE
Original cataloging agency MX-PuUPA
Language of cataloging spa
Description conventions rda
Transcribing agency Mx-PuUPA
Modifying agency Mx-PuUPA
041 0# - LANGUAGE CODE
Language code of text/sound track or separate title spa
245 03 - TITLE STATEMENT
Title La construcción de la democracia en México :
Remainder of title movimientos sociales y ciudadanía /
Statement of responsibility, etc. por Víctor Manuel Durand Ponte, Javier Farrera Araujo, Jean-Francois Prudhomme, Esperanza Tuñón Pablos.
250 ## - EDITION STATEMENT
Edition statement Primera edición
264 #1 - PRODUCTION, PUBLICATION, DISTRIBUTION, MANUFACTURE, AND COPYRIGHT NOTICE
Place of production, publication, distribution, manufacture México, D.F. :
Name of producer, publisher, distributor, manufacturer Siglo xxi editores,
Date of production, publication, distribution, manufacture, or copyright notice 1994
300 ## - PHYSICAL DESCRIPTION
Extent 332 páginas ;
Dimensions 21 cm.
336 ## - CONTENT TYPE
Content type term texto
Fuente rdaconten
Content type code txt
337 ## - MEDIA TYPE
Media type term sin medio
Source rdamedia
Media type code n
338 ## - CARRIER TYPE
Carrier type term volumen
Source rdacarrier
Carrier type code nc
490 0# - SERIES STATEMENT
Series statement Sociología y política
650 #4 - SUBJECT ADDED ENTRY--TOPICAL TERM
Topical term or geographic name entry element Democracia
Geographic subdivision México
650 #4 - SUBJECT ADDED ENTRY--TOPICAL TERM
Topical term or geographic name entry element Ciencias políticas
General subdivision Toma de decisiones
651 #4 - SUBJECT ADDED ENTRY--GEOGRAPHIC NAME
Geographic name México
General subdivision Condiciones políticas
700 1# - ADDED ENTRY--PERSONAL NAME
Personal name Durand Ponte, Víctor Manuel,
Relator term coordinador
-- autor
9 (RLIN) 6332
700 1# - ADDED ENTRY--PERSONAL NAME
Personal name Farrera Araujo, Javier,
Relator term autor
700 1# - ADDED ENTRY--PERSONAL NAME
Personal name Prudhomme, Jean-Francois,
Relator term autor
710 1# - ADDED ENTRY--CORPORATE NAME
Corporate name or jurisdiction name as entry element Tuñón Pablos, Esperanza,
Relator term autor
942 ## - ADDED ENTRY ELEMENTS (KOHA)
Source of classification or shelving scheme Dewey Decimal Classification
Koha item type Libro
Classification part 320.53150972
Item part CON
Existencias
Withdrawn status Lost status Source of classification or shelving scheme Damaged status Not for loan Collection code Home library Current library Shelving location Date acquired Source of acquisition Total Checkouts Full call number Barcode Date last seen Date last checked out Price effective from Koha item type
    Dewey Decimal Classification     General Biblioteca Karol Wojtyla Biblioteca Karol Wojtyla Sala general 09/03/2018 Compra   320.53150972 CON 1994 97435 05/01/2026   09/03/2018 Libro
    Dewey Decimal Classification     General Tehuacán Tehuacán Sala general 05/08/2015 Compra 1 321.4 DUR 1994 509896 08/01/2025 25/02/2020 05/08/2015 Libro